The neighbour's wife and other stories / (Record no. 83402)

MARC details
000 -LEADER
fixed length control field 00586cam a22002051a 4500
001 - CONTROL NUMBER
control field sa 68010471
003 - CONTROL NUMBER IDENTIFIER
control field DLC
005 - DATE AND TIME OF LATEST TRANSACTION
control field 20260227112552.0
008 - FIXED-LENGTH DATA ELEMENTS--GENERAL INFORMATION
fixed length control field 831212s1967 ii 000 1 eng
010 ## - LIBRARY OF CONGRESS CONTROL NUMBER
LC control number sa 68010471
035 ## - SYSTEM CONTROL NUMBER
System control number (OCoLC)10211195
040 ## - CATALOGING SOURCE
Original cataloging agency DLC
Transcribing agency IU
Modifying agency TxU
-- DLC
042 ## - AUTHENTICATION CODE
Authentication code premarc
050 00 - LIBRARY OF CONGRESS CALL NUMBER
Classification number PZ4.B7112
Item number Ne
Classification number PR6052.O57
100 1# - MAIN ENTRY--PERSONAL NAME
Personal name Bond, Ruskin.
245 14 - TITLE STATEMENT
Title The neighbour's wife and other stories /
Statement of responsibility, etc. by Ruskin Bond.
260 ## - PUBLICATION, DISTRIBUTION, ETC.
Place of publication, distribution, etc. [Madras] :
Name of publisher, distributor, etc. Higginbothams,
Date of publication, distribution, etc. 1967.
300 ## - PHYSICAL DESCRIPTION
Extent vii, 205 p.
Dimensions 19 cm.
651 #0 - SUBJECT ADDED ENTRY--GEOGRAPHIC NAME
Geographic name India
General subdivision Social life and customs
Form subdivision Fiction.

No items available.

Powered by Koha